Ao serviço da verdade (Record no. 45727)

MARC details
000 -Etiqueta do registo
Valores 00365nam a2200157 4500
100 ## - Dados gerais de processamento
Dados gerais 20260224 pory50
101 ## - Língua de publicação
Língua por
102 ## - País de publicação
País PT
200 ## - Titulo e menção de responsabilidade
Título próprio Ao serviço da verdade
Primeira menção de responsabilidade Mons. Avelino Gonçalves
210 ## - Publicação
Local de publicação Lisboa
Nome do editor União Gráfica
Data de publicação [19--?]
215 ## - Descrição física 
Paginação / Volumes 77,[1] p.
675 ## - CDU
Notação 070
801 ## - Fonte de origem
País PT
Regras de catalogação RPC
990 ## - Elementos KOHA
Tipo de documento Livro
Holdings
Aquisição Empréstimo Código de barras Cota Permissão de empréstimo Tipo de documento
Biblioteca Municipal de Redondo Biblioteca Municipal de Redondo 056454 070 GON   Livro

Powered by Koha